[Event "Extraliga 2010/11"]
[Site "masterchessopen.com Slovakia"]
[Date "2011.02.20"]
[Round "6"]
[White "Tibensky Robert (SVK)"]
[Black "Dovzik Juri (UKR)"]
[Result "1-0"]
[WhiteElo "2410"]
[BlackElo "2341"]

1.d4 d5 2.c4 c6 3.Nf3 Nf6 4.e3 a6 5.Bd3 dxc4 6.Bxc4 e6 7.O-O c5 8.Qe2 b5 9.Bb3
Bb7 10.a4 Nbd7 11.Nbd2 Qb6 12.axb5 axb5 13.Rxa8+ Bxa8 14.e4 cxd4 15.e5 Nd5
16.Ne4 Be7 17.Bc2 O-O 18.Bd2 b4 19.Qd3 g6 20.Re1 Bb7 21.Bg5 Ba6 22.Qd2 Rc8
23.Bxe7 Nxe7 24.Nd6 Rc5 25.Qf4 Nf5 26.Bxf5 exf5 27.Nxf7 Rd5 28.e6 Nf6 29.Qh4
Nh5 30.e7 {#r} 1-0

[Event "Memorial Noteboom (open)"]
[Site "masterchessopen.com Leiden (Netherlands)"]
[Date "2011.03.05"]
[Round "4"]
[White "Beeke Bobby (NED)"]
[Black "Slingerland Fred (NED)"]
[Result "1-0"]
[WhiteElo "2223"]
[BlackElo "2379"]

1.d4 d5 2.Nf3 Nf6 3.c4 dxc4 4.e3 e6 5.Bxc4 c5 6.O-O a6 7.Qe2 b5 8.Bb3 Bb7
9.Rd1 Nbd7 10.a4 Qb6 11.axb5 axb5 12.Rxa8+ Bxa8 13.Nc3 Bc6 14.e4 b4 15.Nd5 Qb7
16.Bg5 Bd6 17.dxc5 Bxc5 18.Nd4 Nxe4 19.Nxe6 fxe6 20.Qxe4 O-O 21.Qxe6+ Kh8
22.Nf4 Nf6 23.Bxf6 gxf6 24.Rd8 Rxd8 25.Qxf6+ Qg7 26.Qxd8+ Bf8 27.g3 Qe7
28.Qxe7 Bxe7 29.Bd5 Bd7 30.b3 Kg7 31.Kg2 Bg4 32.f3 Bd7 33.Kf2 Bc5+ 34.Kg2 Bd6
35.Ne2 Bc5 36.f4 Bb5 37.Ng1 Bd4 38.Nf3 Bc3 39.Kf2 Kf6 40.Ke3 Bf1 41.g4 Bg2
42.g5+ Kg7 43.h4 h6 44.f5 hxg5 45.hxg5 Bb2 46.f6+ Kh7 47.g6+ {#r} 1-0

[Event "Ch Vietnam (w)"]
[Site "masterchessopen.com Dalat City (Vietnam)"]
[Date "2011.03.21"]
[Round "3"]
[White "Tran Thi Ha Minh (VIE)"]
[Black "Phan Nguyen Mai Chi (VIE)"]
[Result "0-1"]
[WhiteElo "1973"]
[BlackElo "2121"]

1.d4 d5 2.Nf3 Nf6 3.c4 dxc4 4.e3 e6 5.Bxc4 a6 6.Qe2 c5 7.O-O b5 8.Bb3 Bb7
9.Rd1 Nbd7 10.a4 b4 11.Nbd2 Be7 12.Nc4 Qc7 13.Bd2 O-O 14.Be1 a5 15.Rac1 Rfc8
16.Nfe5 Ba6 17.Nxd7 Nxd7 18.h3 Nb6 19.Qc2 Nxc4 20.Bxc4 cxd4 21.Rxd4 Bf6 22.Rg4
h5 {#R} 0-1

[Event "Ch Lithuania"]
[Site "masterchessopen.com Nemencine (Lithuania)"]
[Date "2011.04.28"]
[Round "6"]
[White "Beinoras Mindaugas (LTU)"]
[Black "Vanagas Tadas (LTU)"]
[Result "1-0"]
[WhiteElo "2353"]
[BlackElo "2080"]

1.d4 d5 2.c4 dxc4 3.Nf3 Nf6 4.e3 e6 5.Bxc4 c5 6.O-O a6 7.Qe2 b5 8.Bb3 Bb7 9.a4
b4 10.Rd1 Nbd7 11.a5 Be7 12.Nbd2 O-O 13.Nc4 Qc7 14.Nce5 Nxe5 15.Nxe5 Rfd8
16.Nc4 Nd7 17.Bd2 Rac8 18.Rac1 Qb8 19.Bc2 cxd4 20.exd4 Bd5 21.Ne3 Nf6 22.Qxa6
Bb7 23.Qb6 Bd6 24.Bd3 Bxh2+ 25.Kf1 Bd6 26.Rxc8 Rxc8 27.Rc1 Rxc1+ 28.Bxc1 Kf8
29.Bd2 Nd7 30.Qb5 Ke7 31.f3 Bc8 32.Qa4 Qa7 33.Nc2 Nb6 34.Qb5 Nd5 35.Nxb4 Nxb4
36.Bxb4 Qxd4 37.Bxd6+ Kxd6 38.Qb8+ Kd7 39.Be2 Qc5 40.b4 Qd4 41.g3 Qa1+ 42.Kg2
Qa2 43.Qb5+ Kd8 44.Qb6+ Ke7 45.Kf2 h5 46.Qc5+ Kd8 47.Qxh5 Ba6 48.b5 Qxa5
49.Qh4+ {#r} 1-0

[Event "Memorial J.Capablanca (open)"]
[Site "masterchessopen.com Fortaleza (Brazil)"]
[Date "2011.11.23"]
[Round "5"]
[White "Amorim Marcio Felipe De Medeiro (BRA)"]
[Black "Macedo Maximo Iack (BRA)"]
[Result "0-1"]
[WhiteElo "2097"]
[BlackElo "2323"]

1.d4 d5 2.c4 dxc4 3.Nf3 Nf6 4.e3 e6 5.Bxc4 a6 6.O-O c5 7.Qe2 b5 8.Bb3 Bb7
9.dxc5 Bxc5 10.Bd2 O-O 11.Bc3 Nc6 12.Rd1 Qb6 13.Nbd2 Rad8 14.Ng5 Nd5 15.Qh5 h6
16.Nde4 Be7 17.Nh3 Nxc3 18.bxc3 Na5 19.Bc2 Nc4 20.Rd4 e5 21.Rxd8 Rxd8 22.Qf5
g6 23.Qf3 f5 24.Qg3 Bxe4 25.Bb3 Kg7 26.a4 Bf6 27.f3 Qxe3+ 28.Nf2 f4 29.Qh3 Bf5
30.g4 fxg3 31.Qxg3 Qg5 32.axb5 Qxg3+ 33.hxg3 axb5 34.g4 Be6 35.Ne4 Bg5 36.Ra6
Bd5 37.Ra7+ Kg8 38.Nc5 Be3+ {#R} 0-1

[Event "Ch Czech Republic (team) (1 liga) East"]
[Site "masterchessopen.com Czech Republic"]
[Date "2011.11.27"]
[Round "4"]
[White "Belunek Vladimir (CZE)"]
[Black "Buran Jaroslav (CZE)"]
[Result "1-0"]
[WhiteElo "2261"]
[BlackElo "2264"]

1.d4 d5 2.c4 dxc4 3.Nf3 Nf6 4.e3 e6 5.Bxc4 a6 6.O-O c5 7.Qe2 b5 8.Bb3 Bb7 9.a4
Qb6 10.axb5 axb5 11.Rxa8 Bxa8 12.dxc5 Bxc5 13.Nc3 b4 14.Na4 Qa5 15.Nxc5 Qxc5
16.Bd2 O-O 17.Rc1 Qb6 18.Be1 Na6 19.Ne5 h6 20.f3 Bb7 21.Bf2 Rc8 22.Rxc8+ Bxc8
23.Qc4 Bb7 24.e4 Qa5 25.Bd4 Nc7 26.Nd3 Na6 27.Ne5 Nc7 28.Qc5 Nb5 29.Be3 Qa1+
30.Qc1 Qa5 31.h3 Nc7 32.Nc4 Qb5 33.Qd2 Na6 34.Nd6 Qc6 35.Nxb7 Qxb7 36.Qd8+ Kh7
37.Bc4 Qc6 38.Bd3 e5 39.Qa5 Nc7 40.Qxe5 Qd7 41.Qd4 Ne6 42.Qxd7 Nxd7 43.Bd2
Ndc5 44.Bc4 Na4 45.b3 Nc3 46.Kf2 Kg8 47.Bxe6 fxe6 48.Bxc3 {#r} 1-0

[Event "Cup Khazar (open)"]
[Site "masterchessopen.com Rasht (Iran)"]
[Date "2012.03.03"]
[Round "5"]
[White "Abbasov Farid (AZE)"]
[Black "Agayev Nidjat (AZE)"]
[Result "1-0"]
[WhiteElo "2551"]
[BlackElo "2318"]

1.Nf3 d5 2.d4 Nf6 3.c4 dxc4 4.e3 e6 5.Bxc4 c5 6.O-O a6 7.Qe2 b5 8.Bb3 Bb7
9.Nbd2 Nc6 10.dxc5 Bxc5 11.e4 e5 12.Bc2 O-O 13.Nb3 Bb6 14.Bg5 Qe7 15.Rac1 Rad8
16.Bb1 Rfe8 17.Kh1 h6 18.Bh4 Rd7 19.Ne1 Nd4 20.Nxd4 Bxd4 21.Nf3 Qe6 22.a3 g5
23.Bg3 a5 24.b4 axb4 25.axb4 Qe7 26.Bd3 Ra8 27.Bxb5 Rd6 28.Bd3 Kg7 29.b5 Ra3
30.Bb1 Rb3 31.Qc4 Rxb1 32.Rxb1 Bxe4 33.Nxd4 Rxd4 34.Qe2 Bxb1 35.Rxb1 Ne4 36.b6
Rb4 37.Qe1 Rxb1 38.Qxb1 Nxg3+ 39.hxg3 Qb7 40.Qb5 Kf6 41.Qa5 Ke6 42.Qa7 Qd5
43.Kh2 Qd1 44.f3 Qd4 45.Qa2+ {#r} 1-0

[Event "Ch Europe (seniors) (team)"]
[Site "masterchessopen.com Rogatska Slatina (Slovenia)"]
[Date "2012.04.04"]
[Round "9"]
[White "Ohrn Stellan (SWE)"]
[Black "Falk Thomas (GER)"]
[Result "0-1"]
[WhiteElo "1997"]
[BlackElo "2132"]

1.d4 d5 2.c4 dxc4 3.Nf3 Nf6 4.e3 e6 5.Bxc4 a6 6.O-O c5 7.Qe2 b5 8.Bb3 Bb7
9.Rd1 Nbd7 10.Nc3 Qb8 11.d5 Nxd5 12.Nxd5 Bxd5 13.Bxd5 exd5 14.Rxd5 Qb7 15.e4
Be7 16.Bg5 f6 17.Bf4 Nb6 18.Rdd1 O-O 19.Bd6 Rfe8 20.Qc2 Nc4 21.Bxe7 Qxe7
22.Re1 Ne5 23.Nxe5 Qxe5 24.Re3 Red8 25.Rd1 Qxb2 26.Qb1 Rd2 {#R} 0-1

[Event "It (open)"]
[Site "masterchessopen.com Girona (Spain)"]
[Date "2012.07.20"]
[Round "5"]
[White "Tarrus Garces Narcis (ESP)"]
[Black "Huici Bentue David (ESP)"]
[Result "0-1"]
[WhiteElo "2018"]
[BlackElo "2080"]

1.d4 d5 2.c4 dxc4 3.Nf3 Nf6 4.e3 e6 5.Bxc4 c5 6.O-O a6 7.Qe2 b5 8.Bb3 Bb7
9.Rd1 Nbd7 10.dxc5 Bxc5 11.Bd2 Qc7 12.h3 O-O 13.Bc3 Rfd8 14.Nbd2 Rac8 15.Rac1
Qb8 16.Bc2 e5 17.Ng5 b4 18.Bd4 {#R} 0-1

[Event "It \"]
[Site "masterchessopen.com Los Angeles (USA)"]
[Date "2012.08.16"]
[Round "5"]
[White "Pruess David (USA)"]
[Black "Brown Michael William (USA)"]
[Result "1-0"]
[WhiteElo "2375"]
[BlackElo "2247"]

1.d4 d5 2.c4 dxc4 3.Nf3 Nf6 4.e3 e6 5.Bxc4 a6 6.O-O c5 7.Qe2 b5 8.Bb3 Bb7 9.a4
Nbd7 10.Nbd2 Qb6 11.axb5 axb5 12.Rxa8+ Bxa8 13.Bc2 Be7 14.b3 O-O 15.Bb2 Rc8
16.Bd3 Bxf3 17.gxf3 Rb8 18.Rc1 cxd4 19.Bxd4 Bc5 20.Rxc5 Nxc5 21.b4 e5 22.Bxc5
Qc6 23.Ne4 Nxe4 24.Bxe4 Qf6 25.Qf1 Rd8 26.Qh3 g6 27.Qh6 Qe6 28.Kg2 f6 29.h4 f5
30.Bd3 Qd7 31.Be2 Qe8 32.Qg5 Rd2 33.Bf1 e4 34.f4 Kg7 35.h5 Qd7 36.h6+ Kg8
37.Qf6 Qf7 38.Qe5 {#r} 1-0

[Event "It (open)"]
[Site "masterchessopen.com Graz (Austria)"]
[Date "2012.08.26"]
[Round "2"]
[White "Schreiner Peter (AUT)"]
[Black "Goessler Markus (AUT)"]
[Result "1-0"]
[WhiteElo "2427"]
[BlackElo "2136"]

1.d4 d5 2.Nf3 Nf6 3.c4 dxc4 4.e3 e6 5.Bxc4 a6 6.O-O c5 7.Qe2 b5 8.Bb3 Bb7 9.a4
b4 10.Rd1 Nbd7 11.Nbd2 Be7 12.Nc4 O-O 13.Nce5 Nxe5 14.dxe5 Nd7 15.e4 Qc7
16.Bf4 Nb8 17.h4 Nc6 18.h5 Rfd8 19.h6 g6 20.Qe3 Na5 21.Rxd8+ Rxd8 22.Bd1 c4
23.Bg5 Rd3 24.Qf4 Bf8 25.Nh2 Nb3 26.Bxb3 Rxb3 27.Ng4 Rd3 28.Nf6+ Kh8 29.Ne8
Qd7 30.Nf6 Qc7 31.Ne8 Qd7 32.Nd6 Rd4 33.Nxf7+ Kg8 34.Nd6 Bxd6 35.exd6 Qxd6
36.Qf6 Qd7 37.Bf4 Rxe4 38.Bd6 {#r} 1-0